Statistics for Top 100 Buffalo Bills of All Time

Click here to take the quiz!

General Stats

  • This quiz has been taken 30 times
  • The average score is 18 of 100

Answer Stats

PositionPlayer% Correct
QBJim Kelly
100%
DEBruce Smith
92%
RBO.J. Simpson
88%
RBThurman Thomas
88%
SLeonard Smith
85%
CBThomas Smith
85%
WRAndre Reed
77%
WRJosh Reed
73%
WRStevie Johnson
42%
SAaron Williams
38%
DEBen Williams
38%
DTKyle Williams
38%
DEMario Williams
38%
DTPat Williams
38%
DESherman White
38%
WREric Moulds
35%
QBJoe Ferguson
35%
RBLeSean McCoy
35%
LBDarryl Talley
31%
QBDoug Flutie
31%
RBFred Jackson
31%
SHenry Jones
31%
WRJames Lofton
31%
OTKen Jones
31%
OGRuben Brown
31%
WR/STSteve Tasker
31%
QBJack Kemp
27%
LBCornelius Bennett
23%
QBRyan Fitzpatrick
23%
KSteve Christie
23%
LBBryce Paup
19%
QBDrew Bledsoe
19%
OGJoe DeLamielleure
19%
WRLee Evans
19%
WRPeerless Price
15%
TEPete Metzelaars
15%
OGBilly Shaw
12%
WRBob Chandler
12%
FBCookie Gilchrist
12%
CEric Wood
12%
CKent Hull
12%
CBMario Clark
12%
PBrian Moorman
8%
CBButch Byrd
8%
WRFrank Lewis
8%
SJairus Byrd
8%
OTJason Peters
8%
LBLondon Fletcher
8%
CBNate Odomes
8%
OGReggie McKenzie
8%
CBRobert James
8%
CBStephon Gilmore
8%
CB/KRTerrence McGee
8%
STony Greene
8%
RBTravis Henry
8%
CBBooker Edgerson
4%
TECharles Clay
4%
WRElbert Dubenion
4%
NTFred Smerlas
4%
SGeorge Saimes
4%
WRJerry Butler
4%
DEJerry Hughes
4%
LBJim Haslett
4%
RBJoe Cribbs
4%
CB/KRLeodis McKelvin
4%
DEPhil Hansen
4%
KRian Lindell
4%
OGRichie Incognito
4%
WRRoscoe Parrish
4%
LBShane Conlan
4%
OTStew Barber
4%
DTTom Sestak
4%
OTWill Wolford
4%
DEAaron Schobel
0%
CAl Bemiller
0%
CBAntoine Winfield
0%
CBCharles Romes
0%
DEChris Kelsay
0%
PChris Mohr
0%
CBDerrick Burroughs
0%
TEErnie Warlick
0%
LBEugene Marv
0%
LBHarry Jacobs
0%
OTHoward Ballard
0%
TEJay Riemersma
0%
DEJim Dunaway
0%
OGJim Ritcher
0%
OTJoe Devlin
0%
OTJohn Fina
0%
LBLucius Sanford
0%
DTMarcel Dareus
0%
ST/DEMark Pike
0%
LBMike Stratton
0%
CBNate Clements
0%
P/LBPaul Maguire
0%
DERon McDole
0%
SSteve Freeman
0%
DTTed Washington
0%
CTrey Teague
0%
CWill Grant
0%

Score Distribution

Percentile by Number Answered

Percent of People with Each Score

Your Score History

You have not taken this quiz